Largest Ethnic Groups of the Soviet Union - Statistics

General Stats
  • This quiz has been taken 148 times
  • The average score is 15 of 20
Answer Stats
Ethnic Groups % Correct
Russian
100%
Ukrainian
96%
Kazakh
94%
Latvian
94%
Uzbek
94%
Belarussian
93%
Armenian
92%
Azerbaijani
92%
Lithuanian
92%
Tajik
91%
Georgian
90%
Turkmen
90%
Kyrgyz
86%
Moldovan
75%
Tatar
73%
German
63%
Jew
48%
Bashkir
34%
Chuvash
29%
Mordvin
6%
No matching quizzes found
Score Distribution
Percent of People with Each Score
Percentile by Number Answered
Your Score History
You have not taken this quiz